000 00411pab a2200157 454500
008 180718b2011 xxu||||| |||| 00| 0 eng d
100 _aTara, Shelly
245 _aPrivate space in public transport: Localing gender in the Delhi metro (Notes)
260 _c2011
300 _ap.71-74.
362 _a17 Dec
650 _aTransport
773 _aEconomic and Political Weekly
908 _aN
909 _a94465
999 _c94465
_d94465